000
00334nam a2200157Ia 4500
003
Ost
005
20260225132549.0
008
260225s9999||||xx |||||||||||||| ||und||
040
_c
fsic
041
_a
fre
082
_a
440
100
_a
B E A
_e
Auteur
245
0
_a
Algerie guide economique /
245
0
_c
B E A
942
_c
كتاب
999
_c
34051
_d
34051